[Event "CAN-op (Pinnacle 48th CAN Op Ch)"]
[Site "Toronto CAN"]
[Date "2011.07.17"]
[Round "9"]
[White "Pedersen, Rick"]
[Black "Manalo, Pepin"]
[Result "1-0"]
[WhiteElo "1983"]
[BlackElo "1769"]
[PlyCount "91"]
[GameId "2160767909707549"]
[EventDate "2011.07.09"]
[EventType "swiss"]
[EventRounds "9"]
[EventCountry "CAN"]
[SourceTitle "hb 2011"]

1. e4 c5 2. Nf3 Nc6 3. Nc3 d6 4. d4 cxd4 5. Nxd4 Nf6 6. Bc4 g6 7. O-O Nxd4 8. Qxd4 Bg7 9. Bg5 O-O 10. Qd2 Qc7 11. Bb3 Be6 12. Rad1 Bxb3 13. axb3 Rfc8 14. f4 Qc5+ 15. Kh1 Ng4 16. Nd5 Bf8 17. c3 f6 18. b4 Qc4 19. Bh4 Re8 20. h3 Nh6 21. e5 Nf5 22. Bf2 dxe5 23. fxe5 fxe5 24. Ne3 Nxe3 25. Bxe3 Rad8 26. Qf2 b6 27. Qc2 Bg7 28. b3 Qb5 29. Qf2 Kh8 30. Qe1 e4 31. c4 Rxd1 32. Qxd1 Qxb4 33. Qd7 Ra8 34. Qd5 Rb8 35. Qxe4 e5 36. Rf2 Qe1+ 37. Kh2 Qa1 38. Qc6 Rf8 39. Rxf8+ Bxf8 40. Qf6+ Kg8 41. Qe6+ Kg7 42. Bg5 e4 43. Bf4 Qb1 44. Be5+ Kh6 45. Qf6 Be7 46. Bf4+ 1-0

[Event "CAN-op (Pinnacle 48th CAN Op Ch)"]
[Site "Toronto CAN"]
[Date "2011.07.17"]
[Round "9"]
[White "Peng, Jackie"]
[Black "McTavish, Dale"]
[Result "1/2-1/2"]
[WhiteElo "1991"]
[BlackElo "2205"]
[PlyCount "96"]
[GameId "2160767909707550"]
[EventDate "2011.07.09"]
[EventType "swiss"]
[EventRounds "9"]
[EventCountry "CAN"]
[SourceTitle "hb 2011"]

1. e4 c5 2. Nf3 d6 3. d4 cxd4 4. Nxd4 Nf6 5. Nc3 Nc6 6. Bg5 Bd7 7. Qd2 a6 8. O-O-O e6 9. f4 Qc7 10. Bxf6 gxf6 11. f5 h5 12. Kb1 Ne5 13. Qf2 Be7 14. Nce2 Nc6 15. Nf4 Nxd4 16. Qxd4 Rc8 17. Qd2 Qc5 18. fxe6 fxe6 19. Ng6 Rg8 20. Nxe7 Kxe7 21. Bd3 Qg5 22. Qb4 Bc6 23. e5 Qxe5 24. Rhe1 Qc5 25. Qf4 Rg4 26. Qh6 Qg5 27. Qh7+ Qg7 28. Qxh5 Rg5 29. Qe2 Re5 30. Qd2 Qxg2 31. Qh6 Rg8 32. Rxe5 dxe5 33. Bc4 Bd5 34. Qh7+ Qg7 35. Qd3 Rd8 36. Qa3+ Ke8 37. Be2 Qg2 38. Bh5+ Kd7 39. c4 Qe4+ 40. Qd3 Qxd3+ 41. Rxd3 e4 42. Rd2 Rh8 43. Bd1 e3 44. Rd3 Rxh2 45. cxd5 e2 46. dxe6+ Ke8 47. Bxe2 Rxe2 48. Rd7 Rxe6 1/2-1/2

[Event "CAN-op (Pinnacle 48th CAN Op Ch)"]
[Site "Toronto CAN"]
[Date "2011.07.17"]
[Round "9"]
[White "Perelshteyn, Eugene"]
[Black "Zenyuk, Iryna"]
[Result "1-0"]
[WhiteElo "2534"]
[BlackElo "2222"]
[PlyCount "113"]
[GameId "2160767909707551"]
[EventDate "2011.07.09"]
[EventType "swiss"]
[EventRounds "9"]
[EventCountry "CAN"]
[SourceTitle "CBM 143 Extra"]
[Source "ChessBase"]
[SourceDate "2011.08.29"]
[SourceVersion "1"]
[SourceVersionDate "2011.08.29"]
[SourceQuality "1"]

1. d4 Nf6 2. c4 c5 3. d5 b5 4. Nf3 d6 5. cxb5 a6 6. b6 Qxb6 7. Nc3 g6 8. Nd2 Nbd7 9. e4 Bg7 10. Be2 O-O 11. Nc4 Qc7 12. Bf4 Nb6 13. Ne3 Ne8 14. O-O e5 15. dxe6 fxe6 16. Bg3 Rb8 17. Rc1 Nd7 18. Qd2 Bd4 19. b3 Ndf6 20. Bd3 Nh5 21. Ne2 Nxg3 22. hxg3 Bg7 23. Bc4 Kh8 24. Rcd1 Qe7 25. Nf4 Bd4 26. Nc2 Be5 27. Nd3 Bg7 28. Nf4 Be5 29. b4 cxb4 30. Nxb4 Rb6 31. Nbd3 Bg7 32. Bb3 Nc7 33. Qe3 Rb5 34. Rc1 Rb8 35. e5 Nd5 36. Nxd5 exd5 37. Bxd5 dxe5 38. Be4 Be6 39. a4 Rb3 40. Qe2 Rb6 41. Rc5 Rc8 42. Rfc1 Rxc5 43. Nxc5 Bh6 44. Rc3 Bc8 45. Qc2 Rd6 46. Bd3 Bg4 47. Ne4 Rd4 48. Rc7 Qd8 49. Qc5 Bg7 50. Qa7 Rxd3 51. Rxg7 Bd7 52. Rf7 Kg8 53. Rf3 Rxf3 54. gxf3 Bxa4 55. Qxa6 Bb3 56. Qb5 Bd5 57. Qxd5+ 1-0

[Event "CAN-op (Pinnacle 48th CAN Op Ch)"]
[Site "Toronto CAN"]
[Date "2011.07.17"]
[Round "9"]
[White "Pieri, Enzo"]
[Black "Baumgartner, Christopher"]
[Result "0-1"]
[WhiteElo "1734"]
[BlackElo "1904"]
[PlyCount "60"]
[GameId "2160767909707552"]
[EventDate "2011.07.09"]
[EventType "swiss"]
[EventRounds "9"]
[EventCountry "CAN"]
[SourceTitle "EXT 2022"]
[Source "ChessBase"]
[SourceDate "2021.10.06"]
[SourceVersion "1"]
[SourceVersionDate "2021.10.06"]
[SourceQuality "1"]

1. d4 Nf6 2. c4 e5 3. d5 Bc5 4. Nc3 O-O 5. e4 d6 6. h3 a5 7. a3 Na6 8. Bd3 c6 9. Nge2 Re8 10. Rb1 Qe7 11. Bd2 Bd4 12. Na4 Qc7 13. b4 axb4 14. axb4 Bd7 15. b5 Nc5 16. Nxc5 Bxc5 17. O-O cxd5 18. cxd5 b6 19. Kh2 Qd8 20. Ng3 Ra3 21. Qe2 Ng4+ 22. Kg1 Qh4 23. Nf5 Bxf5 24. exf5 Nxf2 25. Rxf2 Qxf2+ 26. Qxf2 Bxf2+ 27. Kxf2 Rxd3 28. Be3 Rb8 29. Rc1 Rxd5 30. Bxb6 Rxb5 0-1

[Event "CAN-op (Pinnacle 48th CAN Op Ch)"]
[Site "Toronto CAN"]
[Date "2011.07.17"]
[Round "9"]
[White "Pitre, Hanniegn"]
[Black "Kagramanov, Dalia"]
[Result "0-1"]
[WhiteElo "1907"]
[BlackElo "2027"]
[PlyCount "108"]
[GameId "2160767909707553"]
[EventDate "2011.07.09"]
[EventType "swiss"]
[EventRounds "9"]
[EventCountry "CAN"]
[SourceTitle "EXT 2022"]
[Source "ChessBase"]
[SourceDate "2021.10.06"]
[SourceVersion "1"]
[SourceVersionDate "2021.10.06"]
[SourceQuality "1"]

1. e4 c5 2. Nf3 d6 3. d4 cxd4 4. Nxd4 Nf6 5. Nc3 Nc6 6. Bg5 e6 7. Qd2 Be7 8. O-O-O a6 9. f4 Qc7 10. Be2 O-O 11. g4 Rd8 12. Kb1 b5 13. Bf3 Bb7 14. Nce2 Rac8 15. Rhe1 Na5 16. Ng3 Nc4 17. Qc3 Qb6 18. a3 d5 19. Bxf6 Nxa3+ 20. bxa3 Rxc3 21. Bxe7 Rd7 22. Bb4 Rc4 23. Nb3 Rc8 24. exd5 Bxd5 25. Bxd5 Rxd5 26. Rxd5 exd5 27. Nf5 Kh8 28. Nd6 Rb8 29. Nxf7+ Kg8 30. Ne5 Rc8 31. Nd3 Qg6 32. g5 Qh5 33. Nbc5 Qxh2 34. Re5 Qg1+ 35. Re1 Qh2 36. f5 Qg3 37. f6 Qxg5 38. fxg7 h5 39. Nxa6 Qg2 40. Nac5 h4 41. Nf4 Qf2 42. Nfe6 h3 43. Rc1 h2 44. Nd7 Qg1 45. Bf8 Qxc1+ 46. Kxc1 h1=Q+ 47. Kb2 Qf3 48. Bb4 Rxc2+ 49. Kxc2 Qf5+ 50. Kd2 Qxe6 51. Nc5 Qh6+ 52. Kd3 Qxg7 53. Bc3 Qg4 54. Bd4 Qd1+ 0-1

[Event "CAN-op (Pinnacle 48th CAN Op Ch)"]
[Site "Toronto CAN"]
[Date "2011.07.17"]
[Round "9"]
[White "Plotkin, Victor"]
[Black "Reshef, Omer"]
[Result "1/2-1/2"]
[WhiteElo "2411"]
[BlackElo "2145"]
[PlyCount "98"]
[GameId "2160767909707555"]
[EventDate "2011.07.09"]
[EventType "swiss"]
[EventRounds "9"]
[EventCountry "CAN"]
[SourceTitle "hb 2011"]

1. e4 e5 2. Nf3 Nc6 3. Bc4 Bc5 4. O-O Nf6 5. d3 d6 6. c3 Bb6 7. Na3 O-O 8. Bb3 Ne7 9. Nc4 Ng6 10. Re1 Be6 11. Nxb6 Bxb3 12. Qxb3 axb6 13. Bg5 h6 14. Be3 Qd7 15. Rad1 Rfe8 16. a3 Nh5 17. Kh1 Nhf4 18. Bxf4 Nxf4 19. Ng1 Qe6 20. Qxe6 Nxe6 21. g3 Rad8 22. Nf3 Nc5 23. Kg2 f6 24. d4 exd4 25. Rxd4 Rd7 26. Nd2 Rde7 27. f3 f5 28. b4 Ne6 29. Rd5 fxe4 30. Rxe4 Ng5 31. Rxe7 Rxe7 32. h4 Nf7 33. Kf2 Ne5 34. Rd4 Re8 35. c4 Kf7 36. Nb1 Ke7 37. Re4 Kd7 38. Rd4 c5 39. bxc5 bxc5 40. Re4 Nd3+ 41. Ke3 Rxe4+ 42. Kxe4 Nb2 43. Nd2 Ke6 44. f4 h5 45. f5+ Ke7 46. Kf4 Kf6 47. Ne4+ Ke7 48. Nd2 Kf6 49. Ne4+ Ke7 1/2-1/2

[Event "CAN-op (Pinnacle 48th CAN Op Ch)"]
[Site "Toronto CAN"]
[Date "2011.07.17"]
[Round "9"]
[White "Posaratnanathan, Juliaan"]
[Black "Deline, Ralph"]
[Result "1-0"]
[WhiteElo "1902"]
[BlackElo "1828"]
[PlyCount "55"]
[GameId "2160767909707556"]
[EventDate "2011.07.09"]
[EventType "swiss"]
[EventRounds "9"]
[EventCountry "CAN"]
[SourceTitle "hb 2011"]

1. e4 c5 2. Nf3 e6 3. d4 cxd4 4. Nxd4 a6 5. Bd3 Qc7 6. O-O Nf6 7. c4 d6 8. Nc3 Nbd7 9. Nf3 b6 10. Re1 Bb7 11. Bf4 e5 12. Bg5 h6 13. Bxf6 Nxf6 14. Nd5 Nxd5 15. cxd5 Rc8 16. Bxa6 Bxa6 17. Qa4+ b5 18. Qxa6 Qc5 19. b4 Qc7 20. Qxb5+ Kd8 21. Reb1 Be7 22. a4 Rb8 23. Qd3 Kd7 24. a5 Rhc8 25. b5 Bd8 26. b6 Qc4 27. Qxc4 Rxc4 28. b7 1-0

[Event "CAN-op (Pinnacle 48th CAN Op Ch)"]
[Site "Toronto CAN"]
[Date "2011.07.17"]
[Round "9"]
[White "Rachar, Sean"]
[Black "Pitre, Ron"]
[Result "1/2-1/2"]
[WhiteElo "1980"]
[BlackElo "2190"]
[PlyCount "96"]
[GameId "2160767909707557"]
[EventDate "2011.07.09"]
[EventType "swiss"]
[EventRounds "9"]
[EventCountry "CAN"]
[SourceTitle "hb 2011"]

1. Nf3 d6 2. d4 Nf6 3. Bg5 g6 4. e3 Bg7 5. Bd3 O-O 6. Nbd2 c5 7. O-O Nc6 8. c3 Bd7 9. Qe2 Re8 10. Rac1 a6 11. e4 e5 12. d5 Ne7 13. b4 Qc7 14. bxc5 dxc5 15. Nc4 Nc8 16. Qd2 b5 17. Ncxe5 Rxe5 18. Nxe5 Qxe5 19. f4 Qe8 20. Bxf6 Bxf6 21. e5 Bg7 22. c4 b4 23. Qf2 Qe7 24. Kh1 a5 25. Rcd1 Bg4 26. Rd2 Qa7 27. h3 Bd7 28. g4 a4 29. Re2 f6 30. Qh4 Qb6 31. g5 f5 32. Qf2 Ra5 33. h4 Qa6 34. h5 a3 35. Qh4 Ba4 36. hxg6 hxg6 37. Rh2 b3 38. Qh7+ Kf8 39. Kg1 bxa2 40. Bxf5 Be8 41. Be6 Bf7 42. f5 a1=Q 43. Rxa1 Qxc4 44. Rf2 Qg4+ 45. Kh1 Qe4+ 46. Kg1 Qg4+ 47. Kf1 Qc4+ 48. Re2 Qf4+ 1/2-1/2

[Event "CAN-op (Pinnacle 48th CAN Op Ch)"]
[Site "Toronto CAN"]
[Date "2011.07.17"]
[Round "9"]
[White "Regan, Kenneth"]
[Black "Shebetah, Wajdy"]
[Result "1-0"]
[WhiteElo "2422"]
[BlackElo "2194"]
[PlyCount "71"]
[GameId "2160767909707558"]
[EventDate "2011.07.09"]
[EventType "swiss"]
[EventRounds "9"]
[EventCountry "CAN"]

1. e4 c5 2. c3 e6 3. d4 d5 4. e5 Nc6 5. Nf3 Bd7 6. Be2 Nh6 7. O-O cxd4 8. cxd4 Nf5 9. Nc3 Be7 10. g4 Nh4 11. Nxh4 Bxh4 12. Be3 f6 13. f4 fxe5 14. dxe5 Be7 15. Qd2 O-O 16. Rad1 Be8 17. Nb5 Bb4 18. Qc2 Rc8 19. Qb3 a6 20. Nd4 Nxd4 21. Bxd4 Bc5 22. Qxb7 Bxd4+ 23. Rxd4 Rc2 24. Bd1 Rc6 25. Qb3 Qa5 26. f5 Qc5 27. Qb4 Qa7 28. fxe6 Rxf1+ 29. Kxf1 Rxe6 30. Rxd5 Qe3 31. Qb3 Qf4+ 32. Qf3 Qc4+ 33. Kg1 Qc1 34. Qc3 Qf4 35. Rd4 Qxe5 36. Bb3 1-0

[Event "CAN-op (Pinnacle 48th CAN Op Ch)"]
[Site "Toronto CAN"]
[Date "2011.07.17"]
[Round "9"]
[White "Renteria, Rolando"]
[Black "Austria, Federico"]
[Result "1-0"]
[WhiteElo "2346"]
[BlackElo "2105"]
[PlyCount "100"]
[GameId "2160767909707560"]
[EventDate "2011.07.09"]
[EventType "swiss"]
[EventRounds "9"]
[EventCountry "CAN"]
[SourceTitle "hb 2011"]

1. e4 d5 2. exd5 Nf6 3. Bb5+ Bd7 4. Be2 Nxd5 5. d4 e6 6. Nf3 Bd6 7. Ne5 Qf6 8. f4 Bxe5 9. fxe5 Qh4+ 10. g3 Qe4 11. O-O Nc6 12. c3 h5 13. Bd3 Qg4 14. Qxg4 hxg4 15. Be2 O-O-O 16. Rxf7 Rdg8 17. Bxg4 Nd8 18. Rf2 g5 19. Na3 Ne7 20. Nc4 Nf5 21. Ne3 Nh6 22. Bh3 g4 23. Bg2 Ndf7 24. Bd2 Ng5 25. Raf1 Nh3+ 26. Bxh3 gxh3 27. Rf6 Bc6 28. Rxe6 Be4 29. Be1 c6 30. Re7 Bd3 31. Rf6 Ng4 32. Nxg4 Rxg4 33. Rf4 Rhg8 34. Re8+ Kd7 35. Rxg8 Rxg8 36. g4 Ke6 37. Kf2 Kd5 38. Kg3 Bb1 39. Kxh3 Bxa2 40. Kg3 b5 41. Rf6 Rc8 42. g5 Kc4 43. h4 Kb3 44. h5 Kxb2 45. g6 a5 46. Rf2+ Kb3 47. Rxa2 Kxa2 48. g7 Kb2 49. h6 Rg8 50. Kh2 a4 1-0

[Event "CAN-op (Pinnacle 48th CAN Op Ch)"]
[Site "Toronto CAN"]
[Date "2011.07.17"]
[Round "9"]
[White "Rozentalis, Eduardas"]
[Black "Arencibia Rodriguez, Walter"]
[Result "1/2-1/2"]
[WhiteElo "2571"]
[BlackElo "2476"]
[PlyCount "115"]
[GameId "2160767909707561"]
[EventDate "2011.07.09"]
[EventType "swiss"]
[EventRounds "9"]
[EventCountry "CAN"]
[SourceTitle "CBM 143 Extra"]
[Source "ChessBase"]
[SourceDate "2011.08.29"]
[SourceVersion "1"]
[SourceVersionDate "2011.08.29"]
[SourceQuality "1"]

1. e4 e5 2. Nf3 Nc6 3. Bb5 Nf6 4. O-O Nxe4 5. d4 Nd6 6. dxe5 Nxb5 7. a4 d6 8. e6 fxe6 9. axb5 Nb4 10. Nd4 Nd5 11. Re1 e5 12. f4 Be7 13. fxe5 O-O 14. e6 c5 15. bxc6 bxc6 16. Nc3 Nxc3 17. bxc3 c5 18. Nc6 Qe8 19. Nxe7+ Qxe7 20. Ra4 Rb8 21. Bf4 Rb6 22. Rxa7 Bb7 23. Qg4 Qf6 24. Bg3 Re8 25. Qc4 Qf5 26. e7+ Qf7 27. Qe2 h6 28. Ra4 Qd5 29. Qc4 Qxc4 30. Rxc4 g5 31. h4 Kf7 32. hxg5 hxg5 33. Rg4 Rxe7 34. Rf1+ Ke8 35. Rxg5 Be4 36. Rd1 Kd7 37. Rd2 Rf7 38. Kh2 Rh7+ 39. Kg1 Rf7 40. Bf2 Kc7 41. Rg4 Bf5 42. Rh4 Rh7 43. Rxh7+ Bxh7 44. Bg3 Kd7 45. Bf4 Be4 46. Kf2 d5 47. c4 d4 48. c3 d3 49. Ke3 Re6 50. g4 Bg6+ 51. Kf3 Re2 52. Rxe2 dxe2 53. Kxe2 Bf7 54. Kd3 Bg6+ 55. Ke3 Bf7 56. Ke4 Bxc4 57. Ke5 Be2 58. g5 1/2-1/2

[Event "CAN-op (Pinnacle 48th CAN Op Ch)"]
[Site "Toronto CAN"]
[Date "2011.07.17"]
[Round "9"]
[White "Sakka, Louay"]
[Black "Olden-Cooligan, Ben"]
[Result "0-1"]
[WhiteElo "1643"]
[BlackElo "1893"]
[PlyCount "58"]
[GameId "2160767909707562"]
[EventDate "2011.07.09"]
[EventType "swiss"]
[EventRounds "9"]
[EventCountry "CAN"]
[SourceTitle "hb 2011"]

1. e4 e6 2. Nc3 d5 3. exd5 exd5 4. Nf3 Bg4 5. h3 Bh5 6. d3 c6 7. Be2 Bd6 8. O-O Nf6 9. Nd4 Bg6 10. Bg5 Nbd7 11. Bg4 O-O 12. f4 Qb6 13. Nce2 Nxg4 14. hxg4 f5 15. Kh1 fxg4 16. f5 Bh5 17. Ne6 Rfe8 18. N2f4 g6 19. f6 Ne5 20. Ng7 Nf7 21. Nxe8 Rxe8 22. Nxh5 gxh5 23. Qd2 Qc7 24. Rf5 Bg3 25. Bh6 Re5 26. Raf1 Qd6 27. Bf4 Rxf5 28. Bxg3 Rxf1+ 29. Kh2 Qxf6 0-1

[Event "CAN-op (Pinnacle 48th CAN Op Ch)"]
[Site "Toronto CAN"]
[Date "2011.07.17"]
[Round "9"]
[White "Sharpe, Michael"]
[Black "Aird, Ian"]
[Result "1/2-1/2"]
[WhiteElo "1662"]
[BlackElo "1909"]
[PlyCount "52"]
[GameId "2160767909707566"]
[EventDate "2011.07.09"]
[EventType "swiss"]
[EventRounds "9"]
[EventCountry "CAN"]
[SourceTitle "EXT 2022"]
[Source "ChessBase"]
[SourceDate "2021.10.06"]
[SourceVersion "1"]
[SourceVersionDate "2021.10.06"]
[SourceQuality "1"]

1. e4 e5 2. Nf3 Nc6 3. Nc3 Nf6 4. g3 Bc5 5. Bg2 d6 6. O-O a6 7. d3 Bg4 8. Qd2 h6 9. Nd5 O-O 10. Kh1 Be6 11. Ne3 Nh7 12. Nh4 Qg5 13. Nef5 Qxd2 14. Bxd2 Nd4 15. Nxd4 Bxd4 16. c3 Bb6 17. f4 Bg4 18. Rae1 f6 19. f5 Rfe8 20. Be3 Bxe3 21. Rxe3 c5 22. Bf3 Bxf3+ 23. Rfxf3 Rac8 24. Ng6 Nf8 25. Nxf8 Kxf8 26. Rf1 Kf7 1/2-1/2

[Event "CAN-op (Pinnacle 48th CAN Op Ch)"]
[Site "Toronto CAN"]
[Date "2011.07.17"]
[Round "9"]
[White "Sohal, Tanraj"]
[Black "Wiebe, Daniel"]
[Result "1-0"]
[WhiteElo "2177"]
[BlackElo "1938"]
[PlyCount "65"]
[GameId "2160767909707567"]
[EventDate "2011.07.09"]
[EventType "swiss"]
[EventRounds "9"]
[EventCountry "CAN"]
[SourceTitle "hb 2011"]

1. d4 Nf6 2. Bg5 g6 3. Bxf6 exf6 4. g3 f5 5. Bg2 Bg7 6. e3 d5 7. Ne2 O-O 8. O-O c6 9. Nd2 Nd7 10. Rc1 Nf6 11. c4 dxc4 12. Nxc4 Re8 13. Nc3 Be6 14. b3 Nd5 15. Nxd5 Bxd5 16. Bxd5 Qxd5 17. Nb2 b6 18. Nd3 c5 19. dxc5 Rad8 20. Nf4 Qe5 21. Qc2 g5 22. Ng2 Bf8 23. cxb6 axb6 24. Kh1 Ba3 25. Rcd1 Rc8 26. Qe2 f4 27. gxf4 gxf4 28. Qg4+ Kf8 29. Nxf4 Qe4+ 30. f3 Qxe3 31. Rg1 Rcd8 32. Qg7+ Ke7 33. Rde1 1-0

[Event "CAN-op (Pinnacle 48th CAN Op Ch)"]
[Site "Toronto CAN"]
[Date "2011.07.17"]
[Round "9"]
[White "Strugach, Leonid"]
[Black "Olheiser, Gordon"]
[Result "0-1"]
[WhiteElo "2324"]
[BlackElo "2049"]
[PlyCount "52"]
[GameId "2160767909707569"]
[EventDate "2011.07.09"]
[EventType "swiss"]
[EventRounds "9"]
[EventCountry "CAN"]

1. d4 e6 2. c4 f5 3. Nc3 Nf6 4. Nf3 d5 5. e3 c6 6. Bd3 Bd6 7. a3 Ne4 8. Qe2 Nd7 9. Bd2 O-O 10. O-O-O b6 11. cxd5 exd5 12. Kb1 a5 13. Rc1 Bb7 14. Ne1 Qe7 15. f4 b5 16. a4 bxa4 17. Nxa4 Bb4 18. Bc3 Rfb8 19. Nf3 Bxc3 20. Nxc3 a4 21. Ka2 Qb4 22. Nb1 Qb3+ 23. Ka1 a3 24. bxa3 Rxa3+ 25. Nxa3 Qxa3+ 26. Qa2 Qxd3 0-1

[Event "CAN-op (Pinnacle 48th CAN Op Ch)"]
[Site "Toronto CAN"]
[Date "2011.07.17"]
[Round "9"]
[White "Wu, Kevin"]
[Black "Cohen, Lawrence S"]
[Result "1/2-1/2"]
[WhiteElo "2105"]
[BlackElo "1993"]
[PlyCount "41"]
[GameId "2160767909707571"]
[EventDate "2011.07.09"]
[EventType "swiss"]
[EventRounds "9"]
[EventCountry "CAN"]
[SourceTitle "EXT 2022"]
[Source "ChessBase"]
[SourceDate "2021.10.06"]
[SourceVersion "1"]
[SourceVersionDate "2021.10.06"]
[SourceQuality "1"]

1. e4 e6 2. f4 d5 3. e5 c5 4. c3 Nc6 5. Nf3 Bd7 6. Na3 a6 7. Nc2 b5 8. Be2 g6 9. O-O Nge7 10. d4 c4 11. g4 h5 12. h3 Qb6 13. Qe1 Bg7 14. Ng5 hxg4 15. hxg4 a5 16. Qg3 a4 17. a3 Bh6 18. Qh4 Bg7 19. Qg3 Bh6 20. Qh4 Bg7 21. Qg3 1/2-1/2

[Event "CAN-op (Pinnacle 48th CAN Op Ch)"]
[Site "Toronto CAN"]
[Date "2011.07.17"]
[Round "9"]
[White "Ye, Stephen"]
[Black "Finlay, Ian"]
[Result "1-0"]
[WhiteElo "1710"]
[BlackElo "1984"]
[PlyCount "113"]
[GameId "2160767909707572"]
[EventDate "2011.07.09"]
[EventType "swiss"]
[EventRounds "9"]
[EventCountry "CAN"]
[SourceTitle "hb 2011"]

1. e4 c5 2. Nf3 e6 3. d4 cxd4 4. Nxd4 Nc6 5. Nb5 d6 6. c4 a6 7. N5a3 Nf6 8. Nc3 Be7 9. Be2 O-O 10. Be3 b6 11. O-O Bb7 12. f3 Qc7 13. Qb3 Nd7 14. Na4 Na5 15. Qb4 Nc6 16. Bxb6 Nxb6 17. Qxb6 Qxb6+ 18. Nxb6 Rab8 19. Nd7 Bf6 20. Rab1 Nb4 21. Rfd1 d5 22. Nxb8 Rxb8 23. cxd5 exd5 24. exd5 Bxd5 25. Bc4 Bxc4 26. Nxc4 Nxa2 27. Nd6 Bxb2 28. Nb5 Bf6 29. Nc3 Nb4 30. Nd5 a5 31. Nxf6+ gxf6 32. Rd5 Ra8 33. Rf5 Kg7 34. Ra1 Nc6 35. Rc5 Ra6 36. Ra4 Kf8 37. Kf2 Ke7 38. Rh5 Ne5 39. f4 Nd3+ 40. Kg3 Ra8 41. Kh4 Nf2 42. g4 Rg8 43. h3 Rb8 44. Ra3 a4 45. Ra5 Kf8 46. R5xa4 Kg7 47. Rf3 Rb2 48. g5 f5 49. Ra5 Kg6 50. Ra6+ Kg7 51. Rf6 Ne4 52. Rxf5 Kg6 53. Re5 f5 54. gxf6 Nxf6 55. Rg3+ Kh6 56. Re6 Rb6 57. Rxb6 1-0

[Event "CAN-op (Pinnacle 48th CAN Op Ch)"]
[Site "Toronto CAN"]
[Date "2011.07.17"]
[Round "9"]
[White "Yee, Lorne"]
[Black "Gladstone, Simon"]
[Result "1-0"]
[WhiteElo "2260"]
[BlackElo "1935"]
[PlyCount "95"]
[GameId "2160767909707573"]
[EventDate "2011.07.09"]
[EventType "swiss"]
[EventRounds "9"]
[EventCountry "CAN"]
[SourceTitle "EXT 2022"]
[Source "ChessBase"]
[SourceDate "2021.10.06"]
[SourceVersion "1"]
[SourceVersionDate "2021.10.06"]
[SourceQuality "1"]

1. c4 Nf6 2. Nc3 e6 3. Nf3 d5 4. d4 Be7 5. Bg5 O-O 6. e3 h6 7. Bh4 b6 8. cxd5 exd5 9. Bd3 Be6 10. Ne5 Nfd7 11. Bg3 Nxe5 12. Bxe5 Nd7 13. Bg3 c5 14. dxc5 bxc5 15. O-O Qb6 16. b3 Rfd8 17. Qe2 Bf6 18. Rac1 Ne5 19. Na4 Qb4 20. Nxc5 Rac8 21. Nxe6 Nxd3 22. Qxd3 fxe6 23. Qa6 Qb6 24. Qxb6 axb6 25. Bc7 Bb2 26. Bxd8 Bxc1 27. Bxb6 Ba3 28. Bd4 Rc2 29. Ra1 Kf7 30. h3 g6 31. Rb1 Rxa2 32. b4 Ke7 33. b5 Bd6 34. f4 Kd7 35. b6 Ra4 36. b7 Bb8 37. Be5 Ba7 38. b8=Q Bxb8 39. Rxb8 g5 40. g3 gxf4 41. gxf4 Ra2 42. Rh8 Re2 43. Bd4 Ke7 44. Rxh6 Kf7 45. Rh5 Kg6 46. Rg5+ Kf7 47. Rg7+ Kf8 48. Rg2 1-0

[Event "CAN-op (Pinnacle 48th CAN Op Ch)"]
[Site "Toronto CAN"]
[Date "2011.07.17"]
[Round "9"]
[White "Yun, Chang"]
[Black "Roller, Robert"]
[Result "1-0"]
[WhiteElo "1572"]
[BlackElo "1993"]
[PlyCount "67"]
[GameId "2160767909707575"]
[EventDate "2011.07.09"]
[EventType "swiss"]
[EventRounds "9"]
[EventCountry "CAN"]
[SourceTitle "hb 2011"]

1. e4 e6 2. d4 d5 3. Nd2 c5 4. Ngf3 Nc6 5. exd5 exd5 6. Be2 Bd6 7. dxc5 Bxc5 8. O-O Nge7 9. Nb3 Bd6 10. Re1 Bg4 11. Nbd4 O-O 12. c3 h6 13. Qd3 a6 14. Ng5 hxg5 15. Bxg4 Ne5 16. Qh3 Nxg4 17. Qxg4 Qc7 18. Bxg5 Bxh2+ 19. Kh1 Bd6 20. Bxe7 Bxe7 21. Nf5 Bf6 22. Nh6+ Kh8 23. Qh5 g6 24. Qf3 Kg7 25. Kg1 Rad8 26. Ng4 Bg5 27. Re5 f5 28. Qe2 Rf7 29. Re1 Bf4 30. Re6 fxg4 31. Qxg4 g5 32. Qh5 Rh8 33. Qg6+ Kf8 34. Re8# 1-0

[Event "CAN-op (Pinnacle 48th CAN Op Ch)"]
[Site "Toronto CAN"]
[Date "2011.07.17"]
[Round "9"]
[White "Zhao, Yue Tong (Davy)"]
[Black "Ang, Alan"]
[Result "0-1"]
[WhiteElo "1512"]
[BlackElo "2029"]
[PlyCount "152"]
[GameId "2160767909707576"]
[EventDate "2011.07.09"]
[EventType "swiss"]
[EventRounds "9"]
[EventCountry "CAN"]
[SourceTitle "hb 2011"]

1. e4 e6 2. d4 d5 3. e5 c5 4. c3 Nc6 5. Nf3 Qb6 6. Be2 Nh6 7. Qb3 Qxb3 8. axb3 cxd4 9. Bxh6 gxh6 10. cxd4 Bg7 11. Nbd2 O-O 12. Rd1 a6 13. O-O Bd7 14. Rfe1 f6 15. Bd3 Nb4 16. Bb1 Be8 17. h3 Bh5 18. g4 Bg6 19. exf6 Rxf6 20. Ne5 Bxb1 21. Rxb1 Rf4 22. Nef3 Re8 23. Kg2 Nc2 24. Kg3 Rf7 25. Ne5 Bxe5+ 26. Rxe5 Nxd4 27. Rbe1 Ref8 28. Rf1 Nf3 29. Nxf3 Rxf3+ 30. Kg2 R8f6 31. Re3 Rxe3 32. fxe3 Rxf1 33. Kxf1 Kf7 34. Ke2 Kf6 35. h4 h5 36. gxh5 h6 37. Kf3 Kf5 38. b4 b6 39. b5 axb5 40. b4 e5 41. e4+ dxe4+ 42. Ke3 Kf6 43. Kxe4 Ke6 44. Ke3 Kf5 45. Kf3 e4+ 46. Ke3 Ke5 47. Ke2 Kd4 48. Kd2 e3+ 49. Ke2 Ke4 50. Ke1 Kd3 51. Kd1 Kc3 52. Ke2 Kxb4 53. Kxe3 Kc3 54. Kf4 b4 55. Kf5 b3 56. Kg6 b2 57. Kxh6 b1=Q 58. Kg7 Qg1+ 59. Kh8 Qd4+ 60. Kh7 Qxh4 61. h6 Qxh6+ 62. Kxh6 b5 63. Kg5 b4 64. Kf4 b3 65. Ke3 b2 66. Ke4 b1=Q+ 67. Kd5 Qb4 68. Ke5 Qd4+ 69. Kf5 Qe3 70. Kf6 Qe4 71. Kf7 Qe5 72. Kf8 Qc7 73. Kg8 Kd4 74. Kf8 Ke5 75. Kg8 Kf6 76. Kh8 Qg7# 0-1

[Event "CAN-op (Pinnacle 48th CAN Op Ch)"]
[Site "Toronto CAN"]
[Date "2011.07.17"]
[Round "9"]
[White "Zotkin, Daniel"]
[Black "Serbanescu, Natasa"]
[Result "0-1"]
[WhiteElo "1598"]
[BlackElo "1871"]
[PlyCount "94"]
[GameId "2160767909707577"]
[EventDate "2011.07.09"]
[EventType "swiss"]
[EventRounds "9"]
[EventCountry "CAN"]

1. d4 Nf6 2. Nf3 g6 3. Bg5 Bg7 4. Nbd2 d5 5. e3 O-O 6. c4 Bg4 7. h3 Bxf3 8. Qxf3 c6 9. Bd3 Qa5 10. Bxf6 Bxf6 11. a3 dxc4 12. Bxc4 Nd7 13. b4 Qd8 14. h4 e5 15. h5 g5 16. Bd3 exd4 17. Qf5 Re8 18. Qxh7+ Kf8 19. Qh6+ Bg7 20. Qd6+ Qe7 21. Qxe7+ Rxe7 22. e4 f5 23. O-O-O Ne5 24. Bb1 Ng4 25. Rhf1 f4 26. Nf3 Bf6 27. Nxd4 Rd8 28. Nf5 Rxd1+ 29. Rxd1 Rc7 30. f3 Ne3 31. Nxe3 fxe3 32. Rd3 c5 33. Kd1 Bd4 34. Ba2 Kg7 35. g4 b6 36. Bd5 Kf6 37. Bg8 Kg7 38. Be6 a5 39. bxa5 bxa5 40. Rb3 c4 41. Rb5 c3 42. Rxg5+ Kf6 43. Rg6+ Ke5 44. Bb3 Kf4 45. h6 Kxf3 46. Bc2 e2+ 47. Ke1 Bf2# 0-1